[Event "CAN-ch U12"]
[Site "Windsor"]
[Date "2015.07.08"]
[Round "4.75"]
[White "Khurana, Maanav"]
[Black "Masse, Wade"]
[Result "1/2-1/2"]
[WhiteElo "470"]
[BlackElo "847"]
[PlyCount "89"]
[EventDate "2015.07.06"]
[EventType "swiss"]
[EventRounds "7"]
[EventCountry "CAN"]
[SourceTitle "EXT 2022"]
[Source "ChessBase"]
[SourceDate "2021.10.06"]
[SourceVersion "1"]
[SourceVersionDate "2021.10.06"]
[SourceQuality "1"]

1. e4 e5 2. Nf3 Nf6 3. Nc3 Nc6 4. a3 Bc5 5. Bb5 0-0 6. 0-0 Re8 7. d3 a6 8. Bxc6 dxc6 9. Re1 Bg4 10. Be3 Bxe3 11. Rxe3 h6 12. h3 Bxf3 13. Qxf3 b5 14. b4 a5 15. Rd1 c5 16. bxc5 b4 17. axb4 axb4 18. Nb5 c6 19. Nc3 bxc3 20. Qf5 Ra2 21. Re2 Qc8 22. g4 Qxf5 23. exf5 e4 24. d4 Nd5 25. f3 e3 26. h4 Nb4 27. Rc1 g5 28. h5 f6 29. Kf1 Kf8 30. Ke1 Re7 31. Kd1 Rb2 32. Re1 e2+ 33. Rxe2 Rxe2 34. Kxe2 Rxc2+ 35. Rxc2 Nxc2 36. Kd3 Nb4+ 37. Kxc3 Nd5+ 38. Kd3 Nf4+ 39. Kc3 Ke7 40. Kc4 Kd7 41. Kb4 Nh3 42. Ka5 Ng1 43. Kb6 Nxf3 44. Kb7 Nh2 45. d5 1/2-1/2

[Event "CAN-ch U12"]
[Site "Windsor"]
[Date "2015.07.06"]
[Round "1.79"]
[White "Cui, Kevin"]
[Black "Khurana, Maanav"]
[Result "1-0"]
[WhiteElo "1185"]
[BlackElo "470"]
[PlyCount "56"]
[EventDate "2015.07.06"]
[EventType "swiss"]
[EventRounds "7"]
[EventCountry "CAN"]
[SourceTitle "EXT 2022"]
[Source "ChessBase"]
[SourceDate "2021.10.06"]
[SourceVersion "1"]
[SourceVersionDate "2021.10.06"]
[SourceQuality "1"]

1. e4 d6 2. d4 Nf6 3. Nc3 g6 4. Be3 Bg7 5. Qd2 Ng4 6. Bf4 0-0 7. 0-0-0 h6 8. h3 Nxf2 9. Qxf2 g5 10. Be3 f5 11. Bc4+ Kh7 12. Qe2 f4 13. Bf2 Nc6 14. Qd3 Nb4 15. Qe2 Qe8 16. a3 Nc6 17. Nd5 Qd8 18. g4 fxg3 19. Bxg3 Nxd4 20. Qd3 c6 21. Ne3 b5 22. Ba2 Nf3 23. e5+ Kh8 24. exd6 e6 25. Rf1 Nxg1 26. Rxf8+ Bxf8 27. Rxg1 Bd7 28. Qg6 Be8 1-0